[Event "Alcorcon Diagonal op 1st"]
[Site "Alcorcon"]
[Date "2022.01.29"]
[Round "3"]
[White "Rey Martinez, Jaime"]
[Black "Diaz Roncero Gonzalez, Daniel"]
[Result "1-0"]
[WhiteElo "2039"]
[BlackElo "1719"]
[PlyCount "67"]
[EventDate "2022.01.15"]
[EventType "swiss"]
[EventRounds "7"]
[EventCountry "ESP"]
[SourceTitle "EXT 2023"]
[Source "ChessBase"]
[SourceDate "2022.10.05"]
[SourceVersion "1"]
[SourceVersionDate "2022.10.05"]
[SourceQuality "1"]

1. e4 e5 2. Nf3 Nc6 3. Bb5 a6 4. Ba4 b5 5. Bb3 Nf6 6. Ng5 d5 7. exd5 Nd4 8. d3 Nxb3 9. axb3 Qxd5 10. 0-0 Bb7 11. Nf3 0-0-0 12. Qe2 Re8 13. c4 Qc6 14. cxb5 Qxb5 15. Nc3 Qxb3 16. Be3 Bd6 17. Rfc1 Kd7 18. Na4 Qd5 19. Nc5+ Ke7 20. Nxb7 Qxb7 21. d4 e4 22. Ne5 Ra8 23. Bg5 Qd5 24. Ra5 Qe6 25. Qxe4 h6 26. Bxf6+ gxf6 27. Nc6+ Kd7 28. Qf3 Rhe8 29. g3 Rg8 30. Rf5 Rg6 31. d5 Qe8 32. Rxf6 Rxf6 33. Qxf6 Qf8 34. Qf5+ 1-0

[Event "Alcorcon Diagonal op 1st"]
[Site "Alcorcon"]
[Date "2022.01.22"]
[Round "2"]
[White "Diaz Roncero Gonzalez, Daniel"]
[Black "Neagu, Roberto Florin"]
[Result "1-0"]
[WhiteElo "1719"]
[BlackElo "2100"]
[PlyCount "75"]
[EventDate "2022.01.15"]
[EventType "swiss"]
[EventRounds "7"]
[EventCountry "ESP"]
[SourceTitle "EXT 2023"]
[Source "ChessBase"]
[SourceDate "2022.10.05"]
[SourceVersion "1"]
[SourceVersionDate "2022.10.05"]
[SourceQuality "1"]

1. e4 c5 2. c3 g6 3. d4 cxd4 4. cxd4 d5 5. e5 Bg7 6. Nc3 Nc6 7. Nf3 Bg4 8. Bb5 e6 9. Bxc6+ bxc6 10. Qa4 Ne7 11. Bg5 0-0 12. Qa3 Re8 13. 0-0 Bxf3 14. gxf3 h6 15. Bxe7 Rxe7 16. Kh1 Rc7 17. Na4 Qh4 18. Qe3 h5 19. Rg1 Kh7 20. f4 Rb8 21. Rad1 Bh6 22. Qg3 Qxf4 23. Qxf4 Bxf4 24. Rd3 c5 25. Rf3 Rb4 26. Nc3 Rxd4 27. Nb5 Rb7 28. Nxd4 Bxe5 29. Nc6 Bxb2 30. Nd8 Rb8 31. Rxf7+ Kh6 32. Nxe6 c4 33. Nf8 Rxf8 34. Rxf8 c3 35. Rc8 d4 36. Rd1 a5 37. Rxd4 c2 38. Rdc4 1-0

[Event "Madrid-ch Previa-A"]
[Site "Madrid"]
[Date "2021.02.24"]
[Round "9"]
[White "Diaz Roncero Gonzalez, Daniel"]
[Black "Vega De Alba, Miguel"]
[Result "1-0"]
[WhiteElo "1552"]
[BlackElo "1759"]
[PlyCount "197"]
[EventDate "2021.02.08"]
[EventType "swiss"]
[EventRounds "9"]
[EventCountry "ESP"]
[SourceTitle "EXT 2022"]
[Source "ChessBase"]
[SourceDate "2021.10.06"]
[SourceVersion "1"]
[SourceVersionDate "2021.10.06"]
[SourceQuality "1"]

1. e4 c6 2. Nf3 d5 3. Nc3 dxe4 4. Nxe4 Nf6 5. Qe2 Nxe4 6. Qxe4 Nd7 7. Bc4 Nf6 8. Ne5 e6 9. Qe2 Bd6 10. d4 0-0 11. Bg5 h6 12. Bd2 c5 13. dxc5 Bxc5 14. 0-0-0 Qb6 15. g4 Bd4 16. c3 Bxe5 17. Qxe5 Nxg4 18. Qg3 e5 19. Rdf1 Qc6 20. Bb3 Nf6 21. Rhg1 g5 22. Bxg5 Ne4 23. Bf6+ Nxg3 24. Rxg3+ Kh7 25. Bc2+ e4 26. Bxe4+ Qxe4 27. Rg7+ Kh8 28. Rg4+ Kh7 29. Rxe4 Be6 30. Rg1 Rg8 31. Rg3 Rxg3 32. hxg3 Kg6 33. Bd4 Bxa2 34. Rg4+ Kf5 35. Rh4 Kg6 36. Be3 h5 37. Ra4 Bb3 38. Rxa7 Rxa7 39. Bxa7 Kf5 40. Kd2 Ke4 41. Be3 b5 42. Bb6 f5 43. Be3 Bc4 44. Kc2 Be2 45. Kb3 Kf3 46. Kb4 Kg4 47. b3 Kf3 48. c4 bxc4 49. bxc4 Ke4 50. Kc3 Ke5 51. Bf4+ Ke6 52. Kd4 Kd7 53. Kd5 Bf3+ 54. Ke5 Be4 55. Kf6 Bd3 56. c5 Be4 57. Kg6 Ke6 58. Kxh5 Kf6 59. Kh6 Bf3 60. Bg5+ Kf7 61. Be3 Kf6 62. Bd4+ Ke6 63. Kg5 Be4 64. Kf4 Bd3 65. Be3 Bb5 66. f3 Be2 67. g4 fxg4 68. fxg4 Bb5 69. g5 Bc6 70. Bd4 Be8 71. Be5 Kd5 72. Bd6 Ke6 73. Ke4 Bc6+ 74. Kd4 Kf5 75. Be7 Ke6 76. Bd8 Kf5 77. Kc4 Kg6 78. Kb4 Kf7 79. Ka5 Ke8 80. Kb6 Be4 81. Bf6 Kd7 82. Bd4 Kc8 83. c6 Bf5 84. Kc5 Kc7 85. Be5+ Kc8 86. Kd6 Kd8 87. c7+ Ke8 88. g6 Kf8 89. g7+ Kf7 90. Kc6 Bc8 91. Kb6 Be6 92. Kb7 Bd5+ 93. Kb8 Be6 94. c8Q Bxc8 95. Kxc8 Kg8 96. Kd7 Kf7 97. Bd4 Kg8 98. Ke7 Kh7 99. Kf7 1-0

[Event "Madrid-ch Previa-A"]
[Site "Madrid"]
[Date "2021.02.16"]
[Round "5"]
[White "Torres Rebolledo, Victor"]
[Black "Diaz Roncero Gonzalez, Daniel"]
[Result "1/2-1/2"]
[WhiteElo "1818"]
[BlackElo "1552"]
[PlyCount "87"]
[EventDate "2021.02.08"]
[EventType "swiss"]
[EventRounds "9"]
[EventCountry "ESP"]
[SourceTitle "EXT 2022"]
[Source "ChessBase"]
[SourceDate "2021.10.06"]
[SourceVersion "1"]
[SourceVersionDate "2021.10.06"]
[SourceQuality "1"]

1. d4 d5 2. c4 c6 3. Nc3 e6 4. e4 dxe4 5. Nxe4 Bb4+ 6. Bd2 Qxd4 7. Bxb4 Qxe4+ 8. Be2 Na6 9. Ba5 b6 10. Bc3 Nf6 11. Qd6 Bd7 12. 0-0-0 0-0-0 13. Qa3 Kb7 14. Bf3 Qf4+ 15. Kb1 Bc8 16. Qe7+ Qc7 17. Bxf6 gxf6 18. Qxf6 Rxd1+ 19. Bxd1 Rd8 20. Nf3 Nb4 21. Be2 Kb8 22. a3 Na6 23. Rd1 Rxd1+ 24. Bxd1 Nc5 25. Bc2 Nb7 26. Bxh7 Na5 27. Bd3 Ba6 28. Qc3 Qf4 29. Qe5+ Qxe5 30. Nxe5 f6 31. Nd7+ Kc7 32. Nxf6 Nxc4 33. Bg6 Kd6 34. h4 Ne5 35. Be4 Nc4 36. f3 Ke5 37. Ng4+ Kf4 38. g3+ Kxg3 39. h5 Nd6 40. Ne5 Kf4 41. Nxc6 Nxe4 42. fxe4 Bd3+ 43. Kc1 Bxe4 44. Nd8 1/2-1/2